Les pires candidats de nouvelle école saison 3 - Statistiques

Statistiques générales
  • Ce quiz a été pris 407 fois
  • Le résultat moyen est 3 sur 7
Statistiques - réponses
Hint Réponse % Correct
3 Kenz
92%
2 Allebou
43%
4 C le zee
41%
7 Lord gasmique
35%
1 Arvin
25%
6 Triga
18%
5 Mdlean
13%
Aucun quiz correspondant
Distribution des résultats
% des personnes avec chaque résultat
Percentile par nombre de réponses
Votre historique - résultats
Vous n’avez pas pris ce quiz